000 00702nam a2200241Ia 4500
003 OSt
005 20220925232107.0
006 a|||||r|||| 00| 0
007 ta
008 220923b |||||||| |||| 00| 0 eng d
020 _a0472109758
037 _cGeneral Book
040 _aRTL
_cRTL
_beng
041 _2eng
_aeng
082 _aV2.N47<--L65, N8
100 _aKrishnaswamy Revathi
_9296681
245 0 _aEffeminism
_b The economy of colonial desire
260 _aMichigan
_bUniversity of Michigan Press
_c1998
300 _avi,191p
_ccm.
650 _aHistory India
_928353
942 _hV2.N47<--L65, N8
_cGB
_2CC
999 _c590283
_d590283